| 000 | 00742nam a2200217Ii 4500 | ||
|---|---|---|---|
| 003 | JO-AjNU | ||
| 008 | 230605s9999||||xx |||||||||||||| ||und|| | ||
| 020 | _a9953-1-0256-2 | ||
| 040 |
_aJO-AjNU _bara _erda _cJO-AjNU |
||
| 041 | _aara | ||
| 050 | 1 | 4 | _aHG51.H35.2007 |
| 100 | 3 |
_aهني، مصطفى, _eauthor _927525 |
|
| 245 | 0 | 0 | _aمعجم المصطلحات الاقتصادية والمالية : إنجليزي-عربي |
| 250 | _aطبعة جديدة 2007 | ||
| 264 | 3 | 1 | _aبيروت: مكتبة لبنان،2007 |
| 300 | _a576ص | ||
| 336 |
_atext _btxt _2rdacontent |
||
| 337 |
_aunmediated _bn _2rdamedia |
||
| 338 |
_avolume _bnc _2rdacarrier |
||
| 650 | 4 |
_aالاقتصاد -- معاجم -- المالية -- معاجم _927526 |
|
| 999 |
_aA10567 _c14135 _d14135 |
||